000 00455nam a22001575i 4500
001 47998
003 ES-MaACL
007 t|
008 950206q1868 sp ||||1| spa d
040 _aCAM
_bspa
_cCCPB | PA2
100 1 _aCreus y Manso, Juan.
_941578
245 1 0 _aEstudio sobre las heridas de armas de fuego /
_cJuan Creus y Manso.
260 _aGranada :
_b[Baill]y-Bailliere,
_c[s.a.]
300 _a68 p. ;
_c21 cm.
852 _aES-MaACL
_jT-634-F-3
999 _c47998
_d47998